| 000 | 00902nam a2200241 i 4500 | ||
|---|---|---|---|
| 001 | 186871 | ||
| 003 | SpMaBN | ||
| 005 | 20250825062636.0 | ||
| 008 | 170223s2012 sp a |||| | spa d | ||
| 020 | _a978-84-9755-149-6 | ||
| 080 | _a087.5:82 | ||
| 100 | 1 |
_aFernández Saínza, Víctor. _9161865 |
|
| 245 | 1 | 3 |
_aEl fantasma rapero / _cVíctor Fernández Saínza ; [ilustraciones, José López de Atalaya Díez (Tripinks), ilustraciones de "El agente de policía", Víctor Fernández Saínza]. |
| 260 |
_aMadrid : _bAsociación Argadini : _bGrupo Cero, _c[2012] |
||
| 300 |
_a54 p. : _bil. col. ; _c21 cm. |
||
| 490 | 1 | _aColección Argadini | |
| 650 | 4 |
_aPoesías- _vLibros infantiles. _9142901 |
|
| 655 | 7 |
_aLibros infantiles _2tgfbne _9226786 |
|
| 710 | 2 |
_aAsociación Argadini. _9161868 |
|
| 830 | 0 |
_aColección Argadini _9192644 |
|
| 852 |
_aES-MaACL _j2335-F-16 |
||
| 999 |
_c186871 _d186871 |
||